000 00365nam a22001457a 4500
005 20160106121546.0
008 160106b xxu||||| |||| 00| 0 eng d
040 _cPK-LaUMT
082 _aMMC 954.91
_bMUN-F
100 _aMunir, Muhammad
245 _aFrom Jinnah to Zia
_cMuhammad Munir
260 _aLahore
_bVanguard books
_c[ ]
300 _a183 p.
942 _cBK
999 _c81209
_d81209